000
00239 a2200109 4500
001
85296
082
_a
500.202462 BIR
090
_c
40103
_d
40102
100
_a
Bird,J.
245
_a
Science For Engineering 3rd/ed
260
_b
Newnes
942
_a
NUST-CAE
_k
500.202462 BIR
999
_c
320369
_d
320369